Поезд из ночи: документальное повествование о поиске [бывших малолет. узников фашист. концлагерей], длившемся без малого четверть века; для старшего школьного возраста

Bibliografski detalji
Glavni autor: Литвинов В. В. Владимир Васильевич
Jezik:ruski
Izdano: Киев, Молодь, 1989
Teme:
Format: Knjiga
KOHA link:https://koha.lib.tpu.ru/cgi-bin/koha/opac-detail.pl?biblionumber=169339

MARC

LEADER 00000nam0a2200000 4500
001 169339
005 20231031163401.0
010 |a 5772002279 
020 |a RU  |b 90-6054 
035 |a (RuTPU)RU\TPU\book\183693 
090 |a 169339 
100 |a 20091111d1989 e y0rusy5003 ca 
101 0 |a rus 
102 |a UA 
105 |a a z 000ay 
200 1 |a Поезд из ночи  |e документальное повествование о поиске [бывших малолет. узников фашист. концлагерей], длившемся без малого четверть века   |e для старшего школьного возраста  |f В. В. Литвинов 
210 |a Киев  |c Молодь  |d 1989 
215 |a 411,[2] с., [16] л. ил.  |d 20 см 
610 1 |a дети 
610 1 |a концентрационные лагеря 
610 1 |a детская литература 
610 1 |a Великая Отечественная война 1941-1945 
686 |a Т3(2)722  |2 rubbk 
700 1 |a Литвинов  |b В. В.  |g Владимир Васильевич  |4 070 
801 0 |a RU  |b RuMRKP  |c 19950417  |g psbo 
801 1 |a RU  |b 63413507  |c 20091111 
801 2 |a RU  |b 63413507  |c 20140303  |g RCR 
942 |c BK